Most Common Internet Providers in the United States - Statistics

General Stats
  • This quiz has been taken 7 times
  • The average score is 3 of 12
Answer Stats
Hint Answer % Correct
19% AT&T
100%
6% Verizon
86%
5% T-Mobile
71%
21% Spectrum
43%
19% Xfinity
29%
1% Starlink
14%
3% CenturyLink
0%
5% Cox
0%
1% Dish
0%
2% Frontier
0%
1% Kinetic
0%
3% Optimum
0%
No matching quizzes found
Score Distribution
Percent of People with Each Score
Percentile by Number Answered
Your Score History
You have not taken this quiz